000 00710nam a2200277 a 4500
003 AR-BaBNM
005 20251128205604.0
008 082120s2002 ||||||||||||||000 | spa||
020 _a950-02-8342-5
040 _cAR-BaBNM
100 1 _aVasconcelos, José Mauro de
245 0 0 _aEl velero de cristal
250 _a8ª ed.
260 _aBuenos Aires
_bEl Ateneo
_c1996
300 _a91 p.
_bil.
650 4 _aESCRITORES
650 4 _aADOLESCENTES
650 4 _aLITERATURA FOLKLORICA
653 _aLITERATURA BRASILEÑA
653 _aNARRATIVA
653 _aLITERATURA FANTASTICA
655 _aLITERATURA
700 1 _aJofre Barroso, Haydée M.tr. y pról.
942 _cBK
998 _cMARTIN
999 _c12026
_d12026